BASIC ELECTRICAL ENGINEERING (Record no. 6537)

MARC details
000 -LEADER
fixed length control field 00484nam a2200241Ia 4500
001 - CONTROL NUMBER
control field 072653
003 - CONTROL NUMBER IDENTIFIER
control field YMCAF
005 - DATE AND TIME OF LATEST TRANSACTION
control field 20230512160809.0
008 - FIXED-LENGTH DATA ELEMENTS--GENERAL INFORMATION
fixed length control field 100717s9999 ||||||||||||||||| ||und|d
020 ## - INTERNATIONAL STANDARD BOOK NUMBER
International Standard Book Number -
024 ## - OTHER STANDARD IDENTIFIER
Standard number or code 72653
035 ## - SYSTEM CONTROL NUMBER
System control number 12116
040 ## - CATALOGING SOURCE
Original cataloging agency YMCAF
Language of cataloging eng
Transcribing agency IN-KoLT
041 ## - LANGUAGE CODE
Language code of text/sound track or separate title eng
082 ## - DEWEY DECIMAL CLASSIFICATION NUMBER
Classification number 621.3
Item number NAG
100 ## - MAIN ENTRY--PERSONAL NAME
Personal name NAGRATH
245 #0 - TITLE STATEMENT
Title BASIC ELECTRICAL ENGINEERING
250 ## - EDITION STATEMENT
Edition statement -
260 ## - PUBLICATION, DISTRIBUTION, ETC.
Name of publisher, distributor, etc. TMH
653 ## - INDEX TERM--UNCONTROLLED
Uncontrolled term -
653 ## - INDEX TERM--UNCONTROLLED
Uncontrolled term -
942 ## - ADDED ENTRY ELEMENTS (KOHA)
Source of classification or shelving scheme Dewey Decimal Classification
Koha item type Books
Holdings
Withdrawn status Lost status Damaged status Not for loan Home library Current library Date acquired Cost, normal purchase price Total Checkouts Barcode Date last seen Date last checked out Cost, replacement price Price effective from Koha item type Public note G Total Renewals
        JC Bose University of Science & Technology JC Bose University of Science & Technology 17/07/2010 135.00 1 12125 10/12/2024 26/11/2024 135.00 12/05/2023 Books C 1437  
        JC Bose University of Science & Technology JC Bose University of Science & Technology 17/07/2010 135.00 2 12116 06/06/2025 25/04/2025 135.00 12/05/2023 Books C 1437 1
  Lost     JC Bose University of Science & Technology JC Bose University of Science & Technology 17/07/2010 135.00   12117 12/05/2023   135.00 12/05/2023 Books C 1437  
  Lost     JC Bose University of Science & Technology JC Bose University of Science & Technology 17/07/2010 135.00   12118 12/05/2023   135.00 12/05/2023 Books C 1437  
Withdrawn       JC Bose University of Science & Technology JC Bose University of Science & Technology 17/07/2010 135.00   12119 12/05/2023   135.00 12/05/2023 Books C 1437  
        JC Bose University of Science & Technology JC Bose University of Science & Technology 17/07/2010 135.00   12120 12/05/2023   135.00 12/05/2023 Books C 1437  
  Lost     JC Bose University of Science & Technology JC Bose University of Science & Technology 17/07/2010 135.00   12121 12/05/2023   135.00 12/05/2023 Books C 1437  
        JC Bose University of Science & Technology JC Bose University of Science & Technology 17/07/2010 135.00 1 12122 11/03/2024 06/03/2024 135.00 12/05/2023 Books C 1437  
        JC Bose University of Science & Technology JC Bose University of Science & Technology 17/07/2010 135.00   12123 12/05/2023   135.00 12/05/2023 Books C 1437  
  Lost     JC Bose University of Science & Technology JC Bose University of Science & Technology 17/07/2010 135.00   12124 12/05/2023   135.00 12/05/2023 Books C 1437